| 000 | 00000nam##2200000za#4500 |
| 001 | 9.698990 |
| 003 | CaOODSP |
| 005 | 20241203113638 |
| 007 | cr ||||||||||| |
| 008 | 150407|2005||||xxc|||||o f|0| 0 eng|d |
| 040 | |aCaOODSP|beng |
| 043 | |an-cn--- |
| 086 | 1 |aEn84-114/2005E-PDF |
| 110 | 1 |aCanada. |bEnvironment Canada. |
| 245 | 10|aMercury and the environment |h[electronic resource] |
| 260 | |aOttawa - Ontario : |bEnvironment Canada |cc2005. |
| 300 | |a2p.|bphotographs |
| 590 | |a14-08-Supp|b2014-04-10 |
| 690 | 07|aMercury|2gcpds |
| 690 | 07|aEnvironmental protection|2gcpds |
| 775 | 08|tLe mercure dans l'environnement |w(CaOODSP)9.643041 |
| 856 | 40|ahttp://publications.gc.ca|qPDF|s1.52 MB|uhttps://publications.gc.ca/collections/collection_2014/ec/En84-114-2005-eng.pdf |